Library Logo

Pioneer International University Library Catalogue

The Last will (Record no. 9346)

MARC details
000 -LEADER
fixed length control field 00401nam a22001337a 4500
005 - DATE AND TIME OF LATEST TRANSACTION
control field 20250901165809.0
008 - FIXED-LENGTH DATA ELEMENTS--GENERAL INFORMATION
fixed length control field 250320b |||||||| |||| 00| 0 eng d
020 ## - INTERNATIONAL STANDARD BOOK NUMBER
International Standard Book Number 97899664783996
050 ## - LIBRARY OF CONGRESS CALL NUMBER
Classification number PR9408.9 .N48 2014
245 ## - TITLE STATEMENT
Title The Last will
Statement of responsibility, etc. [Text by] Patrick Ngugi and [Illustrations by] Justus Mugo Wwaweru
260 ## - PUBLICATION, DISTRIBUTION, ETC.
Place of publication, distribution, etc. Nairobi:
Name of publisher, distributor, etc. Phoenix,
Date of publication, distribution, etc. 2014.
300 ## - PHYSICAL DESCRIPTION
Extent 144 p.:
Other physical details ill.:
Dimensions 18 cm.
942 ## - ADDED ENTRY ELEMENTS (KOHA)
Source of classification or shelving scheme Library of Congress Classification
Holdings
Withdrawn status Lost status Source of classification or shelving scheme Damaged status Not for loan Collection Home library Current library Shelving location Date acquired Source of acquisition Total checkouts Full call number Barcode Date last seen Date last checked out Copy number Price effective from Koha item type
    Library of Congress Classification       Main Library PIU Library   03/20/2025 Donation from KICD 1 PR9408.9 .N48 2014 PIUD0000242 02/13/2026 02/03/2026 1 03/20/2025 Books
    Library of Congress Classification       Main Library PIU Library   03/20/2025 Donation from KICD 2 PR9408.9 .N48 2014 PIUD0000243 10/13/2025 10/13/2025 1 03/20/2025 Books